00750nam a22002177a 450000500170000001000150001702000260003203500130005803700130007108200130008410000200009724500600011725000110017726000310018827000790021930000240029850000400032294200270036299900170038995201260040620140801120735.0 aENG-109957 a9789351431480c625.00 aEN-93490 bDBAD/PUB a346.5402 aKesava Rao, V.  aContract - I :cby V. Kesava Raobcases and materials / a2nd ed aGurgaonbLexis Nexisc2014 a14th Floor, Bldg No.10, Tower-B, DLF Cyber City, Phase-IIbGurgaone122002 axl,651p.c24cm(pbk) aIncludes bibliographical references 2ddccENmKESh346.5402 c84383d84383 001040718NFICaDBADbDBADd2014-05-21eDBAD/PUBg625.00l0o346.5402 KESpEN-93490r2014-05-21 00:00:00t1v625.00yEN